Pays du monde en 1938 sur une carte - Statistiques

Statistiques générales
  • Ce quiz a été pris 234 fois
  • Le résultat moyen est 65 sur 76
Réponses sur la Carte
Les réponses sont colorées sur une échelle allant du rouge au vert en fonction du pourcentage des utilisateurs qui les ont devinées à leur premier essai. Vous pouvez retrouver ces pourcentages ci-dessous.
 
Statistiques - réponses
Country % Correct
France
99%
Union soviétique
97%
Canada
96%
États-Unis
96%
Chine
95%
Mexique
95%
Allemagne
94%
Brésil
94%
Espagne
94%
Italie
94%
Portugal
94%
Afrique du Sud
93%
Japon
93%
Norvège
93%
Royaume-Uni
93%
Suède
93%
Argentine
92%
Australie
92%
Autriche
92%
Belgique
92%
Chili
92%
Finlande
92%
Irlande
92%
Mongolie
92%
Suisse
92%
Bolivie
91%
Colombie
91%
Égypte
91%
Grèce
91%
Hongrie
91%
Iran
91%
Islande
91%
Pays-Bas
91%
Arabie Saoudite
90%
Estonie
90%
Lettonie
90%
Lituanie
90%
Nouvelle-Zélande
90%
Paraguay
90%
Pérou
90%
Pologne
90%
Roumanie
90%
Turquie
90%
Uruguay
90%
Cuba
89%
Danemark
89%
Venezuela
89%
Yougoslavie
88%
Albanie
87%
Bulgarie
87%
Équateur
87%
Irak
87%
Népal
87%
Panama
87%
Luxembourg
85%
Tchécoslovaquie
85%
Siam
84%
Afghanistan
83%
Costa Rica
83%
Guatemala
83%
Honduras
83%
Andorre
82%
Nicaragua
82%
République Dominicaine
82%
Haïti
81%
Liechtenstein
81%
Yémen
81%
Salvador
80%
Monaco
78%
Vatican
78%
Liberia
77%
Saint-Marin
76%
Tibet
62%
Dantzig
32%
Tuva
15%
Hatay
8%
Aucun quiz correspondant
Distribution des résultats
% des personnes avec chaque résultat
Percentile par nombre de réponses
Votre historique - résultats
Vous n’avez pas pris ce quiz